THE AUTOBIOGRAPHY OF PHRA AJAAN LEE (Record no. 58048)

000 -LEADER
fixed length control field 00448nam a22001697a 4500
003 - CONTROL NUMBER IDENTIFIER
control field MPLRDC
005 - DATE AND TIME OF LATEST TRANSACTION
control field 20220104170635.0
008 - FIXED-LENGTH DATA ELEMENTS--GENERAL INFORMATION
fixed length control field 210129b ||||| |||| 00| 0 eng d
082 ## - DEWEY DECIMAL CLASSIFICATION NUMBER
Classification number 229.6 LEE 1999
100 ## - MAIN ENTRY--PERSONAL NAME
Personal name PHRA SUDDHIDHAMMARANSI GAMBHIRAMEDHACARIYA
245 ## - TITLE STATEMENT
Title THE AUTOBIOGRAPHY OF PHRA AJAAN LEE
Statement of responsibility, etc.
250 ## - EDITION STATEMENT
Edition statement 再版
260 ## - PUBLICATION, DISTRIBUTION, ETC.
Place of publication, distribution, etc.
Name of publisher, distributor, etc. WISDOM AUDIO VISUAL EXCAHNGE
Date of publication, distribution, etc. 1999
300 ## - PHYSICAL DESCRIPTION
Other physical details
650 ## - SUBJECT ADDED ENTRY--TOPICAL TERM
Topical term or geographic name entry element
942 ## - ADDED ENTRY ELEMENTS (KOHA)
Koha item type Book
-- 229.6 LEE 1999
Holdings
Withdrawn status Lost status Source of classification or shelving scheme Damaged status Not for loan Collection code Home library Current library Shelving location Date acquired Cost, normal purchase price Total Checkouts Full call number Barcode Date last seen Date last checked out Price effective from Koha item type Public note
            Malaysian Public Library, Research and Development Centre Malaysian Public Library, Research and Development Centre   10/12/2007 0.00   229.6 LEE 1999 E0002588 18/03/2021 14/02/2008 18/03/2021 Book mplrdc

© 2022. Malaysian Public Library, Research and Development Centre. All Right ReservedE-mailmplrdc@help.edu.my 

Powered by Koha